<?xml version="1.0" encoding="UTF-8"?>
<collection xmlns="http://www.loc.gov/MARC21/slim">
 <record>
  <leader>02431nam a2200373 a 4500</leader>
  <controlfield tag="001">1/46082</controlfield>
  <controlfield tag="008">160113e1957    gr            00010 gre  </controlfield>
  <datafield tag="035" ind1=" " ind2=" ">
   <subfield code="l">49053</subfield>
  </datafield>
  <datafield tag="040" ind1=" " ind2=" ">
   <subfield code="a">GR-PeUP</subfield>
  </datafield>
  <datafield tag="082" ind1="0" ind2="0">
   <subfield code="a">530 ΘΕΟ</subfield>
  </datafield>
  <datafield tag="100" ind1="1" ind2=" ">
   <subfield code="a">Θεοδώρου, Νικόλαος Π.</subfield>
  </datafield>
  <datafield tag="245" ind1="1" ind2="0">
   <subfield code="a">Μαθήματα φυσικής :</subfield>
   <subfield code="b">τ. Α΄. Μηχανική- Ακουστική /</subfield>
   <subfield code="c">Νικ. Π. Θεοδώρου.</subfield>
  </datafield>
  <datafield tag="250" ind1=" " ind2=" ">
   <subfield code="a">2η έκδ. βελτ. και επηυξ. (με 175 προβλήματα, δι' έκαστον των οποίων παρέχεται υπόδειξις λύσεως).</subfield>
  </datafield>
  <datafield tag="260" ind1="0" ind2=" ">
   <subfield code="a">Αθήναι :</subfield>
   <subfield code="b">Αργύρης Παπαζήσης,</subfield>
   <subfield code="c">1957.</subfield>
  </datafield>
  <datafield tag="300" ind1=" " ind2=" ">
   <subfield code="a">στ', 216 σ. :</subfield>
   <subfield code="b">εικ., πίν., διαγρ. ;</subfield>
   <subfield code="c">24 εκ.</subfield>
  </datafield>
  <datafield tag="500" ind1=" " ind2=" ">
   <subfield code="a">Η βιβλιοθήκη έχει τον 1ο τόμο.</subfield>
  </datafield>
  <datafield tag="504" ind1=" " ind2=" ">
   <subfield code="a">Ευρετήριο: σ. 214-216.</subfield>
  </datafield>
  <datafield tag="650" ind1=" " ind2="4">
   <subfield code="a">Physics</subfield>
   <subfield code="x">Study and teaching.</subfield>
  </datafield>
  <datafield tag="650" ind1=" " ind2="4">
   <subfield code="a">Μηχανική</subfield>
   <subfield code="x">Σπουδή και διδασκαλία.</subfield>
  </datafield>
  <datafield tag="650" ind1=" " ind2="4">
   <subfield code="a">Mechanics</subfield>
   <subfield code="x">Study and teaching.</subfield>
  </datafield>
  <datafield tag="650" ind1=" " ind2="4">
   <subfield code="a">Ακουστική</subfield>
   <subfield code="x">Σπουδή και διδασκαλία.</subfield>
  </datafield>
  <datafield tag="650" ind1=" " ind2="4">
   <subfield code="a">Acoustics</subfield>
   <subfield code="x">Study and teaching.</subfield>
  </datafield>
  <datafield tag="852" ind1=" " ind2=" ">
   <subfield code="a">INST</subfield>
   <subfield code="b">UNIPILB</subfield>
   <subfield code="c">MAIN</subfield>
   <subfield code="e">20160328</subfield>
   <subfield code="h">530 ΘΕΟ</subfield>
   <subfield code="p">00173733</subfield>
   <subfield code="q">00173733</subfield>
   <subfield code="t">CLOCOL</subfield>
   <subfield code="v">τ.1:</subfield>
   <subfield code="y">23</subfield>
   <subfield code="z">τ.1</subfield>
   <subfield code="4">6</subfield>
  </datafield>
  <datafield tag="852" ind1=" " ind2=" ">
   <subfield code="a">INST</subfield>
   <subfield code="b">UNIPILB</subfield>
   <subfield code="c">MAIN</subfield>
   <subfield code="e">20170310</subfield>
   <subfield code="h">530 ΘΕΟ</subfield>
   <subfield code="p">00173750</subfield>
   <subfield code="q">00173750</subfield>
   <subfield code="t">CLOCOL</subfield>
   <subfield code="v">τ.1:</subfield>
   <subfield code="y">23</subfield>
   <subfield code="z">τ.1</subfield>
   <subfield code="4">1</subfield>
  </datafield>
  <datafield tag="852" ind1=" " ind2=" ">
   <subfield code="a">INST</subfield>
   <subfield code="b">UNIPILB</subfield>
   <subfield code="c">MAIN</subfield>
   <subfield code="e">20170310</subfield>
   <subfield code="h">530 ΘΕΟ</subfield>
   <subfield code="p">00173779</subfield>
   <subfield code="q">00173779</subfield>
   <subfield code="t">CLOCOL</subfield>
   <subfield code="v">τ.1:</subfield>
   <subfield code="y">23</subfield>
   <subfield code="z">τ.1</subfield>
   <subfield code="4">1</subfield>
  </datafield>
  <datafield tag="852" ind1=" " ind2=" ">
   <subfield code="a">INST</subfield>
   <subfield code="b">UNIPILB</subfield>
   <subfield code="c">MAIN</subfield>
   <subfield code="e">20160323</subfield>
   <subfield code="h">530 ΘΕΟ</subfield>
   <subfield code="p">00173810</subfield>
   <subfield code="q">00173810</subfield>
   <subfield code="t">CLOCOL</subfield>
   <subfield code="v">τ.1:</subfield>
   <subfield code="y">23</subfield>
   <subfield code="z">τ.1</subfield>
   <subfield code="4">5</subfield>
  </datafield>
  <datafield tag="852" ind1=" " ind2=" ">
   <subfield code="a">INST</subfield>
   <subfield code="b">UNIPILB</subfield>
   <subfield code="c">MAIN</subfield>
   <subfield code="e">20160113</subfield>
   <subfield code="h">530 ΘΕΟ</subfield>
   <subfield code="p">00173849</subfield>
   <subfield code="q">00173849</subfield>
   <subfield code="t">CLOCOL</subfield>
   <subfield code="v">τ.1:</subfield>
   <subfield code="y">23</subfield>
   <subfield code="z">τ.1</subfield>
   <subfield code="4">1</subfield>
  </datafield>
  <datafield tag="852" ind1=" " ind2=" ">
   <subfield code="a">INST</subfield>
   <subfield code="b">UNIPILB</subfield>
   <subfield code="c">MAIN</subfield>
   <subfield code="e">20160309</subfield>
   <subfield code="h">530 ΘΕΟ</subfield>
   <subfield code="p">00173850</subfield>
   <subfield code="q">00173850</subfield>
   <subfield code="t">CLOCOL</subfield>
   <subfield code="v">τ.1:</subfield>
   <subfield code="y">23</subfield>
   <subfield code="z">τ.1</subfield>
   <subfield code="4">4</subfield>
  </datafield>
  <datafield tag="852" ind1=" " ind2=" ">
   <subfield code="a">INST</subfield>
   <subfield code="b">UNIPILB</subfield>
   <subfield code="c">MAIN</subfield>
   <subfield code="e">20160401</subfield>
   <subfield code="h">530 ΘΕΟ</subfield>
   <subfield code="p">00173857</subfield>
   <subfield code="q">00173857</subfield>
   <subfield code="t">CLOCOL</subfield>
   <subfield code="v">τ.1:</subfield>
   <subfield code="y">23</subfield>
   <subfield code="z">τ.1</subfield>
   <subfield code="4">9</subfield>
  </datafield>
  <datafield tag="852" ind1=" " ind2=" ">
   <subfield code="a">INST</subfield>
   <subfield code="b">UNIPILB</subfield>
   <subfield code="c">MAIN</subfield>
   <subfield code="e">20160401</subfield>
   <subfield code="h">530 ΘΕΟ</subfield>
   <subfield code="p">00173859</subfield>
   <subfield code="q">00173859</subfield>
   <subfield code="t">CLOCOL</subfield>
   <subfield code="v">τ.1:</subfield>
   <subfield code="y">23</subfield>
   <subfield code="z">τ.1</subfield>
   <subfield code="4">8</subfield>
  </datafield>
  <datafield tag="852" ind1=" " ind2=" ">
   <subfield code="a">INST</subfield>
   <subfield code="b">UNIPILB</subfield>
   <subfield code="c">MAIN</subfield>
   <subfield code="e">20160225</subfield>
   <subfield code="h">530 ΘΕΟ</subfield>
   <subfield code="p">00173891</subfield>
   <subfield code="q">00173891</subfield>
   <subfield code="t">CLOCOL</subfield>
   <subfield code="v">τ.1:</subfield>
   <subfield code="y">23</subfield>
   <subfield code="z">τ.1</subfield>
   <subfield code="4">3</subfield>
  </datafield>
  <datafield tag="852" ind1=" " ind2=" ">
   <subfield code="a">INST</subfield>
   <subfield code="b">UNIPILB</subfield>
   <subfield code="c">MAIN</subfield>
   <subfield code="e">20160328</subfield>
   <subfield code="h">530 ΘΕΟ</subfield>
   <subfield code="p">00173921</subfield>
   <subfield code="q">00173921</subfield>
   <subfield code="t">CLOCOL</subfield>
   <subfield code="v">τ.1:</subfield>
   <subfield code="y">23</subfield>
   <subfield code="z">τ.1</subfield>
   <subfield code="4">7</subfield>
  </datafield>
  <datafield tag="852" ind1=" " ind2=" ">
   <subfield code="a">INST</subfield>
   <subfield code="b">UNIPILB</subfield>
   <subfield code="c">MAIN</subfield>
   <subfield code="e">20170320</subfield>
   <subfield code="h">530 ΘΕΟ</subfield>
   <subfield code="p">00173930</subfield>
   <subfield code="q">00173930</subfield>
   <subfield code="t">CLOCOL</subfield>
   <subfield code="v">τ.1:</subfield>
   <subfield code="y">23</subfield>
   <subfield code="z">τ.1</subfield>
   <subfield code="4">1</subfield>
  </datafield>
  <datafield tag="852" ind1=" " ind2=" ">
   <subfield code="a">INST</subfield>
   <subfield code="b">UNIPILB</subfield>
   <subfield code="c">MAIN</subfield>
   <subfield code="e">20160225</subfield>
   <subfield code="h">530 ΘΕΟ</subfield>
   <subfield code="p">00174026</subfield>
   <subfield code="q">00174026</subfield>
   <subfield code="t">CLOCOL</subfield>
   <subfield code="v">τ.1:</subfield>
   <subfield code="y">23</subfield>
   <subfield code="z">τ.1</subfield>
   <subfield code="4">2</subfield>
  </datafield>
 </record>
</collection>
